Statistics for Utah Jazz Head Coaches by Picture

Click here to take the quiz!

General Stats

  • This quiz has been taken 5 times
  • The average score is 3 of 9

Answer Stats

Answer% Correct
Frank Layden
80%
Jerry Sloan
80%
Quin Snyder
60%
Tom Nissalke
40%
Tyrone Corbin
40%
Elgin Baylor
20%
Butch van Breda Kolff
0%
Scotty Robertson
0%
Will Hardy
0%

Score Distribution

Percentile by Number Answered

Percent of People with Each Score

Your Score History

You have not taken this quiz